000 00276nam a2200121Ia 4500
005 20251222140049.0
008 251222s1900||||xx |||||||||||||| ||spa||
082 _a211.6/R73
100 _aMoeller, Charles
245 0 _aHumanidad y santidad
264 _bJuventud
942 _cLIB
999 _c3552
_d3552